01455cam a22003371 4500001001300000003000400013005001700017008004100034010001700075035001900092040002300111042001200134050002200146086001600168100005000184245023200234260004800466300006000514410005500574500009700629504002800726650004100754650004100795650004200836650004300878650002600921700004600947700005700993700004301050740002401093gs 66000261 DLC20260227111419.0771003s1966 dcuab b f000 0 eng  ags 66000261  a(OCoLC)3314823 aDLCcAzUdISSdDLC apremarc00aQE75b.P9 no. 5130 aI 19.16:5131 aBayley, Richard W.q(Richard William),d1919-10aGeology of the Menominee iron-bearing district, Dickinson County, Michigan, and Florence and Marinette Counties, Wisconsin,cby R.W. Bayley, C.E. Dutton, and C.A. Lamey. With a section on the Carney Lake Gneiss, by S.B. Treves. aWashington,bU.S. Govt. Print. Off.,c1966. av, 96 p.billus., maps (4 fold. col. in pocket)c30 cm.20aGeological Survey (U.S.).tProfessional paperv513 aPrepared in cooperation with the Geological Survey Division, Michigan Dept. of Conservation. aBibliography: p. 92-93. 0aGeologyzMichiganzDickinson County. 0aGeologyzWisconsinzFlorence County. 0aGeologyzWisconsinzMarinette County. 0aIron oreszMichiganzDickinson County. 0aIron oreszWisconsin.1 aDutton, Carl Evans,d1904-ejoint author.1 aLamey, Carl A.q(Carl Arthur),d1892-ejoint author.1 aTreves, Samuel B.tCarney Lake Gneiss.0 aCarney Lake Gneiss.